000 00754nam a22002177a 4500
010 _aA-813413
020 _a8170188709(set)
035 _aA-813413
037 _bCen Lib / Ret
040 _aDPL
_bEN
082 _a020.9
_bKAU
245 _aInternational and comparative librarianship and information systems /
_cby P. N. Kaula... [et al]
260 _aDelhi
_bB. R. Publishing Corporation
_c1996
270 _aD. K. Publishers Distributors
_bDelhi
_e110052
300 _av 1. xxix, 413 ; v 3. xv, 529p
_b24cm(Hb)
650 _aRanganathan, S. R. -- (Shiyali Ramamrita), -- 1892-1972.
650 _aLibrary science -- India.
650 _aComparative librarianship.
700 _aKaula, P. N.
942 _2ddc
_cEN
_h020.9
_mKAL
999 _c136889
_d136889